Trang vàng địa chỉ Internet /
Trong cõi tài nguyên thông tin mênh mông vô tận của Internet, chúng tôi cố gắng cung cấp một cẩm nang tương đối toàn diện về địa chỉ để giúp quý độc giả trong quá trình truy cập có thể "định vị" trước lĩnh vực mình quan tâm, xác định ngay các trạm.......
Enregistré dans:
| Auteur principal: | |
|---|---|
| Autres auteurs: | |
| Format: | Livre |
| Langue: | Vietnamese |
| Publié: |
Hà Nội :
Văn hoá thông tin,
2000.
|
| Sujets: | |
| Tags: |
Ajouter un tag
Pas de tags, Soyez le premier à ajouter un tag!
|
| Thư viện lưu trữ: | Mạng thư viện Đại học Đà Nẵng |
|---|
| LEADER | 01241cam a2200361 i 4500 | ||
|---|---|---|---|
| 001 | 000043045 | ||
| 003 | 920 | ||
| 005 | 20030911140323.0 | ||
| 008 | 010301b2000 vm 000 vie | ||
| 020 | |c 40000 | ||
| 040 | |a IRC |c IRC |d IRC | ||
| 041 | 0 | |a vie | |
| 082 | 1 | 4 | |a 004.678 |b NG-P |
| 100 | 1 | |a Nguyễn Sanh Phúc. | |
| 245 | 0 | 0 | |a Trang vàng địa chỉ Internet / |c Nguyễn Sanh Phúc, Trương Thanh Hà. |
| 260 | |a Hà Nội : |b Văn hoá thông tin, |c 2000. | ||
| 300 | |a 397tr. ; |c 20,5cm. | ||
| 520 | 3 | |a Trong cõi tài nguyên thông tin mênh mông vô tận của Internet, chúng tôi cố gắng cung cấp một cẩm nang tương đối toàn diện về địa chỉ để giúp quý độc giả trong quá trình truy cập có thể "định vị" trước lĩnh vực mình quan tâm, xác định ngay các trạm.... | |
| 630 | 0 | 4 | |a Tin học. |
| 630 | 0 | 4 | |a Computer. |
| 630 | 0 | 4 | |a Internet. |
| 650 | 0 | 4 | |a Internet (Mạng máy tính) |
| 700 | 1 | |a Trương Thanh Hà. | |
| OWN | |a DUT | ||
| 999 | |a From the UDN01 | ||
| TYP | |a Monograph | ||
| TYP | |a Printed language | ||
| 980 | |a Mạng thư viện Đại học Đà Nẵng | ||